<?xml version="1.0" encoding="UTF-8"?>
<collection xmlns="http://www.loc.gov/MARC21/slim">
 <record>
  <leader>00910pam a22002538a 4500</leader>
  <controlfield tag="001">00025666</controlfield>
  <controlfield tag="005">20171026081023.0</controlfield>
  <controlfield tag="008">110810s2003                  ||||||Viesd</controlfield>
  <datafield tag="020" ind1=" " ind2=" ">
   <subfield code="c">78000</subfield>
  </datafield>
  <datafield tag="041" ind1="0" ind2="#">
   <subfield code="a">Vie</subfield>
  </datafield>
  <datafield tag="082" ind1="1" ind2="4">
   <subfield code="a">333.730 71</subfield>
   <subfield code="b">GI108TR</subfield>
  </datafield>
  <datafield tag="100" ind1="0" ind2="#">
   <subfield code="a">Trần Kim Tính</subfield>
  </datafield>
  <datafield tag="245" ind1="0" ind2="#">
   <subfield code="a">Giáo trình thổ nhưỡng</subfield>
   <subfield code="c">Trần Kim Tính</subfield>
  </datafield>
  <datafield tag="260" ind1="#" ind2="#">
   <subfield code="a">Cần Thơ</subfield>
   <subfield code="b">ĐH Cần Thơ</subfield>
   <subfield code="c">2003</subfield>
  </datafield>
  <datafield tag="300" ind1="#" ind2="#">
   <subfield code="a">250 tr.</subfield>
   <subfield code="c">27 cm.</subfield>
  </datafield>
  <datafield tag="650" ind1="#" ind2="4">
   <subfield code="a">thổ nhưỡng</subfield>
  </datafield>
  <datafield tag="653" ind1="#" ind2="#">
   <subfield code="a">giáo trình</subfield>
   <subfield code="a">Đất đai</subfield>
  </datafield>
  <datafield tag="852" ind1="#" ind2="#">
   <subfield code="b">Kho giáo trình</subfield>
   <subfield code="j">KGT.0027148, KGT.0027149, KGT.0027150, KGT.0027151, KGT.0027152, KGT.0027153, KGT.0027154, KGT.0027155</subfield>
  </datafield>
  <datafield tag="852" ind1="#" ind2="#">
   <subfield code="b">Kho mượn</subfield>
   <subfield code="j">KGT.0027148</subfield>
  </datafield>
  <datafield tag="852" ind1="#" ind2="#">
   <subfield code="j">KGT.0027149</subfield>
   <subfield code="j">KGT.0027150</subfield>
   <subfield code="j">KGT.0027152</subfield>
   <subfield code="j">KGT.0027148</subfield>
   <subfield code="j">KGT.0027151</subfield>
  </datafield>
  <datafield tag="910" ind1=" " ind2=" ">
   <subfield code="d">10/08/2011</subfield>
  </datafield>
  <datafield tag="980" ind1="#" ind2="#">
   <subfield code="a">Trung tâm Học liệu Lê Vũ Hùng, Trường Đại học Đồng Tháp</subfield>
  </datafield>
 </record>
</collection>
